Loading...

Aldous Huxley: satire and structure.

Bibliografiske detaljer
Hovedforfatter: Meckier, Jerome
Format: Printed Book
Sprog:English
Udgivet: London, Chatto & Windus, 1969.
Fag:
LEADER 00808cam a2200229 4500
008 700227s1969 enk b 001 0 eng
010 |a  74442596  
015 |a B69-22981 
020 |a 0701114681 
082 0 0 |a 823/.9/12 
100 1 |a Meckier, Jerome. 
245 1 0 |a Aldous Huxley: satire and structure. 
260 |a London,  |b Chatto & Windus,  |c 1969. 
300 |a [7], 223 p.  |c 23 cm. 
350 |a 36/- 
504 |a Bibliography: p. 217-218. 
600 1 0 |a Huxley, Aldous,  |d 1894-1963  |x Criticism and interpretation. 
650 0 |a Satire, English  |x History and criticism. 
906 |a 7  |b cbc  |c orignew  |d u  |e ncip  |f 19  |g y-gencatlg 
942 |c BK 
999 |c 200559  |d 200559 
952 |0 0  |1 0  |4 0  |6 823_912000000000000_MEC_A  |7 0  |9 221959  |a ENG  |b ENG  |c ST1  |d 2017-05-27  |i 5766  |l 0  |o 823.912 MEC/A  |p ENG5766  |r 2017-05-27  |w 2018-08-21  |y BK